Realizácia robotického pracoviska s využitím strojového videnia pre potreby flexibilnej výroby

Uložené v:
Podrobná bibliografia
Hlavný autor: Košťál, Martin (Autor)
Ďalší autori: Vachálek, Ján (Vedúci práce)
Médium: Rukopis Kniha
Jazyk:Slovak
Vydavateľské údaje: 2024
Predmet:
On-line prístup:http://is.stuba.sk/zp/portal_zp.pl?podrobnosti=179060
Tagy: Pridať tag
Žiadne tagy, Buďte prvý, kto otaguje tento záznam!

MARC

LEADER 00000ntm a22000003a 4500
001 stuzp99389
003 SK-STU
005 20241120095912.7
007 ta
008 150427s2015----xo-----f-mn---000-0-slo-d
040 |a STU  |b slo 
041 0 |a slo 
100 1 |a Košťál, Martin  |u 020020  |4 aut  |U SjF Strojnícka fakulta  |T SjF Ústav automatizácie, informatizácie a merania  |X 104857  |U J0020  |Y 802  |7 104857 
242 0 1 |a Implementation of a Robotic Workplace Using Machine Vision for the Needs of Flexible Production  |y eng 
245 1 0 |a Realizácia robotického pracoviska s využitím strojového videnia pre potreby flexibilnej výroby 
260 |c 2024 
650 4 |a bin picking  |2 slo 
650 4 |a priemyselný robot  |2 slo 
650 4 |a PLC  |2 slo 
650 4 |a strojové videnie  |2 slo 
650 4 |a industrial robot  |2 eng 
650 4 |a PLC  |2 eng 
650 4 |a machine vision  |2 eng 
650 4 |a bin picking  |2 eng 
700 1 |a Vachálek, Ján  |u 020020  |k Z1  |4 ths  |U SjF Strojnícka fakulta  |T SjF Ústav automatizácie, informatizácie a merania  |X 2232  |U J0020  |Y 802  |7 A000002232 
856 4 |u http://is.stuba.sk/zp/portal_zp.pl?podrobnosti=179060 
996 |b 284J047678  |c J* 3773/DDP  |l JJSK  |s A  |a 24  |w stuzp99389_0001